00504 2200181 4500245005100000020002200051250001100073100002400084700001800108700002400126650002100150005001900171260007900190041001400269084001000283300002000293336000900313 aJaka dan Naga SakticDina Alfiyanti FasahText a978-979-069-271-8 acet. 1 aDina Alfiyanti Fasa aKity Karenisa aPandu Dharma Wijaya aCerita Bergambar a20240926093343 aJakarta TimurbKementrian Pendidikan, Keudayaan, Rset, dan Teknologic2016 aIndonesia a741.5 a56 hlm, 28 cm : atext